00626nam a2200217Ia 450000100060000000300070000600800410001302000180005404000110007208000150008310000200009824500660011824500680018424500340025226000080028626000140029426000100030830000150031830000090033365300660034211672GE_BSU181216s||||||||xx |||||||||||||| ||und|| a9781407517445 cGE_BSU a821.111-31 aPerelman,Helen. aHigh school musical:Stories from fast high #6:Heart to Heart. bBased on the Disney channel original movie high school musical. cWritten by Peter Barsocchini. aUK. bParragon. c2008. a142p;20cm. eill. aHigh school musical:Stories from fast high #6:Heart to Heart.